| 000 | 00968cab a2200217 4500 | ||
|---|---|---|---|
| 001 | ABS41680 | ||
| 008 | 090401t1989 xxu||||| |||| 00| 0 eng d | ||
| 035 | _a(Sirsi) u31661 | ||
| 041 | _aeng | ||
| 100 | _aBrotherton, I. | ||
| 245 | _aArrangements for prior notification of agricultural operations in national parks: an appraisal | ||
| 260 | _c1989 | ||
| 350 | _a0 | ||
| 490 |
_aTown Planning Review _v60(1) January 1989, 71-87(17) |
||
| 520 | _aThis paper reviews the operation and success of the farm grant notification arrangements introduced from 1 October 1980 to enable the national park authorities to comment on, or if necessary change, planned agricultural operations in their areas, based on detailed monitoring of all proposals cleared by the 10 parks over the period 1 April 1983 to 31 March 1986. References. | ||
| 650 | _aCONSERVATION | ||
| 650 | _aFARMING | ||
| 690 | _aCONSERVATION AND THE ENVIRONMENT | ||
| 942 | _n0 | ||
| 948 | _c04/03/1997 | ||
| 999 |
_c21251 _d21251 |
||